[Event "Peterhof op 08"]
[Site "Peterhof"]
[Date "2009.08.08"]
[Round "6"]
[White "Sichinava, Zviad"]
[Black "Zhukov, Klim"]
[Result "0-1"]
[WhiteElo "2307"]
[BlackElo "2243"]
[PlyCount "48"]
[EventDate "2009.08.03"]
[EventType "swiss"]
[EventRounds "9"]
[EventCountry "RUS"]
[SourceTitle "EXT 2010"]
[Source "ChessBase"]
[SourceDate "2010.11.25"]
[SourceVersion "1"]
[SourceVersionDate "2010.11.25"]
[SourceQuality "1"]

1. d4 Nf6 2. Bg5 c5 3. Bxf6 gxf6 4. d5 Qb6 5. Qc1 f5 6. c3 Bg7 7. Na3 d6 8. Nc4 Qc7 9. a4 0-0 10. Qf4 Nd7 11. Qxf5 Ne5 12. Qf4 Nxc4 13. Qxc4 b5 14. axb5 a6 15. Qd3 Qb7 16. Nf3 axb5 17. Rd1 b4 18. Rc1 bxc3 19. bxc3 Ra3 20. Kd2 c4 21. Qxc4 Bd7 22. Qd3 Ba4 23. Rb1 Ra2+ 24. Ke1 Bxc3+ 0-1

[Event "Peterhof op 08"]
[Site "Peterhof"]
[Date "2009.08.06"]
[Round "4"]
[White "Zhukov, Klim"]
[Black "Kobzar, Alexandr"]
[Result "0-1"]
[WhiteElo "2243"]
[BlackElo "2170"]
[PlyCount "92"]
[EventDate "2009.08.03"]
[EventType "swiss"]
[EventRounds "9"]
[EventCountry "RUS"]
[SourceTitle "EXT 2010"]
[Source "ChessBase"]
[SourceDate "2010.11.25"]
[SourceVersion "1"]
[SourceVersionDate "2010.11.25"]
[SourceQuality "1"]

1. e4 c5 2. Nf3 Nc6 3. d4 cxd4 4. Nxd4 g6 5. Nc3 Bg7 6. Be3 d6 7. Qd2 Nf6 8. f3 0-0 9. Bc4 Bd7 10. Bb3 Rc8 11. 0-0-0 Ne5 12. Kb1 Re8 13. h4 h5 14. Bh6 Bxh6 15. Qxh6 Rxc3 16. bxc3 Qc7 17. g4 a5 18. Nf5 Bxf5 19. gxf5 a4 20. Bxa4 Qxc3 21. Qd2 Qxd2 22. Rxd2 Ra8 23. Bb3 gxf5 24. exf5 Nxf3 25. Rd3 Ne5 26. Rc3 Nc6 27. Rg1+ Kf8 28. Rcg3 Ng4 29. Bd5 Ra5 30. c4 Nd4 31. Rf1 Nf6 32. Bxb7 Ra4 33. Rg2 Rxc4 34. Rc1 Rb4+ 35. Rb2 Ra4 36. Rf1 d5 37. Rb6 Ne4 38. Rg1 Nd2+ 39. Kc1 Nc4 40. Rb2 Nxb2 41. Kxb2 Nxf5 42. Kb3 Rd4 43. a4 Nd6 44. Bc6 e6 45. a5 Rc4 46. Ba4 Rc7 0-1

[Event "Peterhof op 08"]
[Site "Peterhof"]
[Date "2009.08.05"]
[Round "3"]
[White "Kosarev, Igor"]
[Black "Zhukov, Klim"]
[Result "1/2-1/2"]
[WhiteElo "2231"]
[BlackElo "2243"]
[PlyCount "71"]
[EventDate "2009.08.03"]
[EventType "swiss"]
[EventRounds "9"]
[EventCountry "RUS"]
[SourceTitle "EXT 2010"]
[Source "ChessBase"]
[SourceDate "2010.11.25"]
[SourceVersion "1"]
[SourceVersionDate "2010.11.25"]
[SourceQuality "1"]

1. Nf3 Nf6 2. c4 g6 3. Nc3 Bg7 4. d4 d6 5. e4 0-0 6. h3 e5 7. d5 Nh5 8. g3 a5 9. Be2 Na6 10. Bg5 f6 11. Bd2 f5 12. exf5 gxf5 13. Qc2 Nb4 14. Qb1 Qe8 15. Ng5 e4 16. Kd1 h6 17. a3 Na6 18. Ne6 Bxe6 19. dxe6 Nf6 20. Nd5 Qxe6 21. Nf4 Qd7 22. Qc2 Nc5 23. Ke1 a4 24. Rd1 Ne6 25. Be3 Kh7 26. Kf1 c6 27. Qd2 Nxf4 28. Bxf4 d5 29. cxd5 cxd5 30. Qb4 Rfc8 31. Kg2 Rc2 32. Bb5 Qd8 33. Bxa4 Rc4 34. Qxc4 dxc4 35. Rxd8 Rxd8 36. Rc1 1/2-1/2

[Event "St Petersburg March op"]
[Site "St Petersburg"]
[Date "2009.04.02"]
[Round "4"]
[White "Nuretdinov, Igor"]
[Black "Zhukov, Klim"]
[Result "1-0"]
[WhiteElo "2182"]
[BlackElo "2051"]
[PlyCount "101"]
[EventDate "2009.03.30"]
[EventType "swiss"]
[EventRounds "9"]
[EventCountry "RUS"]
[SourceTitle "EXT 2012"]
[Source "ChessBase"]
[SourceDate "2011.11.24"]
[SourceVersion "1"]
[SourceVersionDate "2011.11.24"]
[SourceQuality "1"]

1. d4 Nf6 2. c4 g6 3. Nc3 Bg7 4. e4 d6 5. Nf3 0-0 6. Be2 e5 7. 0-0 Nc6 8. d5 Ne7 9. b4 Nh5 10. Re1 a5 11. bxa5 Rxa5 12. Nd2 Nf4 13. Bf1 c5 14. a4 Ra6 15. Ra3 Nh5 16. Be2 Nf6 17. Nb5 Ne8 18. Bf1 f5 19. g3 Bh6 20. Bg2 fxe4 21. Nxe4 Bxc1 22. Qxc1 Nf5 23. Qd1 Nc7 24. Nbc3 Bd7 25. Ne2 b5 26. cxb5 Nxb5 27. Ra1 Nbd4 28. f4 Ne3 29. Qd3 Nxg2 30. Qxa6 Nxe1 31. Nxd4 cxd4 32. Rxe1 exf4 33. Qxd6 f3 34. Kf2 d3 35. Rd1 Qe8 36. Re1 Kg7 37. Qc5 Qe5 38. Qc3 Qxc3 39. Nxc3 Bg4 40. Rd1 Rb8 41. Nb5 Rc8 42. Nd4 Rc3 43. Rd2 Kf6 44. d6 Ke5 45. Nxf3+ Ke4 46. Ne1 Bd7 47. Rxd3 Rc2+ 48. Nxc2 Kxd3 49. Nb4+ Kc4 50. Na6 Kd5 51. Nb8 1-0

[Event "Chigorin Memorial 16th"]
[Site "St Petersburg"]
[Date "2008.10.08"]
[Round "6"]
[White "Solovjov, Sergey"]
[Black "Zhukov, Klim"]
[Result "1-0"]
[WhiteElo "2419"]
[BlackElo "2183"]
[PlyCount "53"]
[EventDate "2008.10.03"]
[EventType "swiss"]
[EventRounds "9"]
[EventCountry "RUS"]
[SourceTitle "CBM 126 Extra"]
[Source "ChessBase"]
[SourceDate "2008.11.05"]
[SourceVersion "1"]
[SourceVersionDate "2008.11.05"]
[SourceQuality "1"]

1. e4 e6 2. d4 d5 3. e5 c5 4. c3 Nc6 5. Nf3 Qb6 6. Bd3 cxd4 7. cxd4 Bd7 8. 0-0 Nxd4 9. Nbd2 Bc5 10. Nxd4 Bxd4 11. Nf3 Ne7 12. Rb1 Nc6 13. Bf4 f6 14. b4 Bxe5 15. Nxe5 Nxe5 16. Bxe5 fxe5 17. Qh5+ Kf8 18. Qxe5 Rc8 19. Rbc1 Kf7 20. Qf4+ Ke7 21. Rxc8 Rxc8 22. Bxh7 Rc4 23. Qg5+ Kd6 24. Qg3+ Kc6 25. b5+ Kc5 26. Qa3+ Rb4 27. Rc1+ 1-0

[Event "St Petersburg March op"]
[Site "St Petersburg"]
[Date "2008.03.28"]
[Round "7"]
[White "Enalskiy, Aleksey"]
[Black "Zhukov, Klim"]
[Result "0-1"]
[WhiteElo "1612"]
[BlackElo "2123"]
[PlyCount "50"]
[EventDate "2008.03.22"]
[EventType "swiss"]
[EventRounds "9"]
[EventCountry "RUS"]
[SourceTitle "EXT 2010"]
[Source "ChessBase"]
[SourceDate "2010.11.25"]
[SourceVersion "1"]
[SourceVersionDate "2010.11.25"]
[SourceQuality "1"]

1. e4 e5 2. d4 exd4 3. c3 dxc3 4. Bc4 cxb2 5. Bxb2 d5 6. Bxd5 Bb4+ 7. Kf1 Nf6 8. Qb3 Nxd5 9. exd5 Qe7 10. Nc3 b6 11. Nf3 Ba6+ 12. Kg1 0-0 13. Re1 Qc5 14. Ne4 Qc4 15. Nfd2 Qxb3 16. axb3 Nd7 17. Rc1 Rfe8 18. h4 Nc5 19. Nxc5 Bxc5 20. Nf3 Bb7 21. b4 Bd6 22. Rc4 Bxd5 23. Rg4 g6 24. h5 Bxf3 25. hxg6 Re1# 0-1

[Event "St Petersburg op U18"]
[Site "St Petersburg"]
[Date "2008.01.10"]
[Round "6"]
[White "Zhukov, Klim"]
[Black "Nikitinyh, Boris Aleksandrovic"]
[Result "0-1"]
[WhiteElo "2154"]
[BlackElo "2224"]
[PlyCount "92"]
[EventDate "2008.01.05"]
[EventType "swiss"]
[EventRounds "9"]
[EventCountry "RUS"]
[SourceTitle "CBM 122 Extra"]
[Source "ChessBase"]
[SourceDate "2008.03.04"]
[SourceVersion "1"]
[SourceVersionDate "2008.03.04"]
[SourceQuality "1"]

1. e4 c6 2. d4 d5 3. f3 e6 4. Be3 Nd7 5. Nc3 Bb4 6. Bd3 Ne7 7. Nge2 a6 8. a3 Ba5 9. b4 Bc7 10. e5 b6 11. Na4 b5 12. Nc5 Nxc5 13. bxc5 0-0 14. g4 Ng6 15. h4 Nxh4 16. Ng3 f5 17. f4 Ng2+ 18. Kf2 Nxe3 19. Kxe3 g6 20. Qe2 Qe7 21. Rh6 Rf7 22. Rah1 Rg7 23. Qh2 Ra7 24. gxf5 exf5 25. Rg1 Be6 26. Nxf5 Bxf5 27. Bxf5 Bd8 28. Bd3 Kf8 29. f5 gxf5 30. Rf6+ Kg8 31. Bxf5 Rxg1 32. Qxg1+ Kh8 33. Rxc6 Qh4 34. Qg4 Qe1+ 35. Qe2 Qg1+ 36. Kd3 Rg7 37. Rc8 Rg3+ 38. Kd2 Rg8 39. Kc3 Qa1+ 40. Kb3 Qb1+ 41. Kc3 Qa1+ 42. Kb3 Qxd4 43. c3 Qf4 44. Qh5 Qa4+ 45. Kb2 Rg2+ 46. Kc1 Qf4+ 0-1

[Event "St Petersburg op U18"]
[Site "St Petersburg"]
[Date "2008.01.08"]
[Round "4"]
[White "Zhukov, Klim"]
[Black "Palchun, Grigory"]
[Result "0-1"]
[WhiteElo "2154"]
[BlackElo "2069"]
[PlyCount "108"]
[EventDate "2008.01.05"]
[EventType "swiss"]
[EventRounds "9"]
[EventCountry "RUS"]
[SourceTitle "CBM 122 Extra"]
[Source "ChessBase"]
[SourceDate "2008.03.04"]
[SourceVersion "1"]
[SourceVersionDate "2008.03.04"]
[SourceQuality "1"]

1. e4 c5 2. Nf3 a6 3. c4 Nc6 4. d4 cxd4 5. Nxd4 e5 6. Nc2 Bc5 7. Nc3 d6 8. Be2 Nf6 9. Bg5 Be6 10. 0-0 Nd4 11. Ne3 Nxe2+ 12. Qxe2 h6 13. Bxf6 Qxf6 14. Ned5 Qd8 15. Kh1 0-0 16. Rad1 Bd4 17. f4 f6 18. f5 Bf7 19. g4 Rc8 20. Rd3 Bxc3 21. Rxc3 Bxd5 22. exd5 Qa5 23. a3 b5 24. b4 Qb6 25. c5 dxc5 26. Qe3 Qb7 27. Rxc5 Rxc5 28. Qxc5 Rc8 29. Qd6 Rc4 30. Qe6+ Kh7 31. Rd1 Rxg4 32. Qc6 Qxc6 33. dxc6 Rc4 34. Rd6 h5 35. c7 Rxc7 36. Rxa6 Kh6 37. Rb6 Ra7 38. Rxb5 Rxa3 39. Kg2 Kg5 40. Rb7 Kxf5 41. Rxg7 Rb3 42. Rh7 Rxb4 43. Rxh5+ Kg4 44. Rh6 Rb2+ 45. Kg1 f5 46. Rg6+ Kf3 47. Rg3+ Ke4 48. h4 f4 49. Rg5 f3 50. h5 Kf4 51. Rg8 Ke3 52. h6 f2+ 53. Kg2 Ke2 54. Rf8 Ke1 0-1

[Event "Chigorin Memorial 08th"]
[Site "St Petersburg"]
[Date "2000.11.10"]
[Round "9"]
[White "Zhukov, Klim"]
[Black "Borisova, Elizaveta"]
[Result "1-0"]
[WhiteElo "2022"]
[BlackElo "2168"]
[PlyCount "77"]
[EventDate "2000.10.31"]
[EventType "swiss"]
[EventRounds "9"]
[EventCountry "RUS"]
[SourceTitle "EXT 2001"]
[Source "ChessBase"]
[SourceDate "2000.11.22"]
[SourceVersion "1"]
[SourceVersionDate "2000.11.22"]
[SourceQuality "1"]

1. e4 c5 2. d3 Nc6 3. g3 g6 4. Bg2 Bg7 5. f4 d6 6. Nf3 e6 7. 0-0 Nge7 8. c3 0-0 9. Be3 b6 10. Re1 Bb7 11. Bf2 Qd7 12. d4 cxd4 13. cxd4 Rfc8 14. Nc3 Ba6 15. Qa4 Qb7 16. e5 d5 17. g4 Bc4 18. Nb5 Bxb5 19. Qxb5 a6 20. Qb3 b5 21. Kh1 Rc7 22. Bh3 Rac8 23. f5 Na5 24. Qd3 Nec6 25. a3 b4 26. fxe6 fxe6 27. Ng5 bxa3 28. bxa3 Nd8 29. Rab1 Rc3 30. Rxb7 Rxd3 31. Re7 Ndc6 32. Rxe6 Rf8 33. Bg2 h6 34. Bxd5 hxg5 35. Rxc6+ Kh7 36. Rc2 Rxa3 37. e6 Nb3 38. e7 Re8 39. Bf7 1-0

[Event "Chigorin Memorial 08th"]
[Site "St Petersburg"]
[Date "2000.11.04"]
[Round "4"]
[White "Guliev, Logman"]
[Black "Zhukov, Klim"]
[Result "1-0"]
[WhiteElo "2379"]
[BlackElo "2022"]
[PlyCount "55"]
[EventDate "2000.10.31"]
[EventType "swiss"]
[EventRounds "9"]
[EventCountry "RUS"]
[SourceTitle "EXT 2001"]
[Source "ChessBase"]
[SourceDate "2000.11.22"]
[SourceVersion "1"]
[SourceVersionDate "2000.11.22"]
[SourceQuality "1"]

1. e4 e5 2. Nf3 Nc6 3. Bb5 a6 4. Ba4 Nf6 5. 0-0 Be7 6. Qe2 b5 7. Bb3 d6 8. c3 Na5 9. Bc2 c5 10. d4 cxd4 11. cxd4 Qc7 12. Nc3 Bg4 13. dxe5 dxe5 14. Bg5 Nc4 15. Rac1 0-0 16. b3 Nb6 17. Nd5 Qd6 18. Rfd1 Nfxd5 19. Bxe7 Qxe7 20. exd5 Rad8 21. Rd2 Bxf3 22. Qxf3 f5 23. Bxf5 Rd6 24. Qh3 Rh6 25. Be6+ Kh8 26. Qe3 Rd8 27. Qxb6 Rxe6 28. Qxe6 1-0

[Event "Chigorin Memorial 08th"]
[Site "St Petersburg"]
[Date "2000.10.31"]
[Round "1"]
[White "Zhukov, Klim"]
[Black "Kashtanov, Ruslan"]
[Result "0-1"]
[WhiteElo "2022"]
[BlackElo "2367"]
[PlyCount "56"]
[EventDate "2000.10.31"]
[EventType "swiss"]
[EventRounds "9"]
[EventCountry "RUS"]
[SourceTitle "EXT 2001"]
[Source "ChessBase"]
[SourceDate "2000.11.22"]
[SourceVersion "1"]
[SourceVersionDate "2000.11.22"]
[SourceQuality "1"]

1. e4 e6 2. d3 d5 3. Nd2 Nf6 4. g3 c5 5. Bg2 Nc6 6. Ngf3 g6 7. 0-0 Bg7 8. Re1 0-0 9. c3 Kh8 10. Qc2 a5 11. a4 b6 12. Nf1 h6 13. h4 e5 14. Ne3 d4 15. cxd4 Nb4 16. Qb3 cxd4 17. Nd5 Nd7 18. Nxb4 axb4 19. Qxb4 Nc5 20. Rd1 Re8 21. a5 Bf8 22. Qc4 Be6 23. Qb5 Nb3 24. Bd2 f6 25. a6 Nxa1 26. Rxa1 Qd7 27. Qxd7 Bxd7 28. Kf1 Bb5 0-1